000 01010cam a22003135a 4500
001 14088770
003 EG-ScBUE
005 20220428095347.0
008 050826r20092005enk f b f001 0 eng d
020 _a9780199271092
040 _aUKM
_beng
_erda
_cUKM
_dBWKUK
_dBAKER
_dDLC
_dEG-ScBUE
082 0 4 _a415
_222
_bCUL
100 1 _aCulicover, Peter W.,
_eauthor.
245 1 0 _aSimpler syntax /
_cPeter W. Culicover, Ray Jackendoff.
250 _aReprint edition.
264 1 _aOxford :
_bOxford University Press,
_c2009.
300 _axvii, 589 pages ;
_c26 cm.
336 _2rdacontent
_atext
_btxt
337 _2rdamedia
_aunmediated
_bn
338 _2rdacarrier
_avolume
_bnc
490 0 _aOxford linguistics
504 _aIncludes bibliographical references and index.
650 7 _aGrammar, Comparative and general
_xSyntax.
_2BUEsh
_939791
651 _2BUEsh
653 _bHHUUEENN
_cNovember2016
655 _vReading book
_934232
700 1 _aJackendoff, Ray,
_d1945-
_4author.
942 _2ddc
_cBB
999 _c23011
_d22983